00350 2200145 4500245006500000250001100065100002100076650001700097650001600114005001900130260001800149041001400167084001400181336000900195 aM b : Sepucuk Surat dari Masa LalucMarshya NoviantyhText aCet. 1 aMarshya Novianty aAutobiografi aKarya Siswa a20250522105743 aJakartac2025 aIndonesia a081 MAR m atext